Trnava - Hlavný kostol

Zobrazenie: Pohľad na Baziliku sv. Mikuláša v pozadí. V popredí na ulici niekoľko ľudí. Vľavo v popredí na chodníku muž v klobúku

Bibliographic Details
Format: Postcard
Language:Slovak
PhysicalDescription:1 pohľadnica tónovaná do zelena 14 x 10 cm
Published: [Prešov] Lichtig 1928
Subjects:

MARC

LEADER 00000nkm a2200000 a 4500
001 vtls011767070
003 SK-MaSNL
005 20260512124121.0
007 kp ao
008 230706s1928 xo g kuslo
015 |a SNBG1928 
035 |a urn:nbn:sk:snk-km00dnvp 
035 |a urn:nbn:sk:snk-km3lze1 
035 |a E355A131-F13A-4396-BBE3-DCF3625434B0 
040 |a SNK  |b slo  |c SNK  |e AACR2 
041 0 |a slo 
043 |a e-xo--- 
044 |a xo  |c SK 
072 7 |a 913  |x Regionálna geografia  |2 konspekt 
072 7 |a 72  |x Architektúra  |2 konspekt 
080 |a 913(437.6)  |2 2011 
080 |a 726:27-523.42  |2 2011 
080 |a (084.121)  |2 2011 
245 0 0 |a Trnava - Hlavný kostol  |h grafika 
260 |a [Prešov]  |b Lichtig  |c 1928 
300 |a 1 pohľadnica  |b tónovaná do zelena  |c 14 x 10 cm 
500 |a Názov na obrazovej časti pohľadnice "Trnava" 
520 8 |a Zobrazenie: Pohľad na Baziliku sv. Mikuláša v pozadí. V popredí na ulici niekoľko ľudí. Vľavo v popredí na chodníku muž v klobúku 
610 2 7 |a Bazilika sv. Mikuláša (Trnava, Slovensko)  |2 SNKKA  |9 173500 
650 0 7 |a kostoly  |2 SNKPH  |9 3023 
651 7 |a Trnava (Slovensko)  |2 SNKPHgeo  |9 19407 
655 7 |a miestne pohľadnice  |2 SNKPH  |9 70510 
852 |a Slovenská národná knižnica 
958 |a GBN 
958 |a GC 
958 |a ONDV 
999 |c 856839  |d 858769 
952 |a SNK  |b SNK  |y PREZ  |7 0  |p 17A1241774  |o snkSP 34806  |z Pohľadnica prešla poštou.  |0 0  |1 0  |4 0  |d 2018-07-16  |f 1  |l 0  |r 2026-02-24 05:00:10  |w 2026-02-24